000 00465pab a2200157 454500
008 180718b2004 xxu||||| |||| 00| 0 eng d
100 _aSarkar, Debasish et al.
245 _aOccupational diseases and provisioning of health care: a case of market failures in coal mining
260 _c2004
300 _ap.219-36.
362 _aApr-Jun
650 _aCoal industry
650 _aHealth services
773 _aIndian Journal of Labour Economics
909 _a62440
999 _c62440
_d62440